000 00277as aa2200097a 44500
090 _aSERIADAS
_b01389
245 1 0 _aRevista: Facultad Nacional de Agronomía Medellín
260 _bUniversidad Nacional de Colombia Sede Medellín
_aColombia
041 0 _aEspañol
942 _cREVISTA
999 _c17106
_d17106